LEADER 00948nam0 2200337 450 001 990001015240203316 010 $a88-13-18090-X 035 $a0101524 035 $aUSA010101524 035 $a(ALEPH)000101524USA01 035 $a0101524 100 $a20020305d1993----km-y0ITAy01------ba 101 $aita 102 $aIT 105 $a||||||||001yy 200 1 $aIntroduzione al diritto penale tedesco$eparte generale$fKlaus Volk 210 $aPadova$cCedam$d1993 215 $aXXII, 178 p.$d24 cm 606 0 $aDiritto penale$yGermania 676 $a345.43 700 1$aVOLK,$bKlaus$0233876 801 0$aIT$bsalbc$gISBD 912 $a990001015240203316 951 $aIG XV 364$b2678 G$cIG XV 959 $aBK 969 $aGIU 979 $aPATTY$b90$c20020305$lUSA01$h1304 979 $c20020403$lUSA01$h1742 979 $aPATRY$b90$c20040406$lUSA01$h1710 996 $aIntroduzione al diritto penale tedesco$9645104 997 $aUNISA LEADER 00955nam0-2200325---450- 001 990009567760403321 005 20120507145951.0 010 $a978-88-568-0678-6 035 $a000956776 035 $aFED01000956776 035 $a(Aleph)000956776FED01 035 $a000956776 100 $a20120507d2009----km-y0itay50------ba 101 0 $aita 102 $aIT 105 $ay-------001yy 200 1 $a<>esperienza del prof$eche cosa si fa nelle università italiane$fLetteria G. Fassari 210 $aMilano$cFrancoAngeli$d2009 215 $a133 p.$d23 cm 225 1 $a<>società$v98 610 0 $aUniversità$aInsegnamento$aItalia$aSociologia 676 $a378.120945$v22$zita 700 1$aFassari,$bLetteria G.$0516384 801 0$aIT$bUNINA$gREICAT$2UNIMARC 901 $aBK 912 $a990009567760403321 952 $aCollez. 1777 (98)$b47099$fFSPBC 959 $aFSPBC 996 $aEsperienza del prof$9847462 997 $aUNINA LEADER 00998cam0-22003251i-450- 001 990003730470403321 005 20100921155313.0 010 $a0-333-39538-7 035 $a000373047 035 $aFED01000373047 035 $a(Aleph)000373047FED01 035 $a000373047 100 $a20030910d1986----km-y0itay50------ba 101 0 $aeng 102 $aGB 105 $ay-------001yy 200 1 $aTechnological development in China, India and Japan$ecross-cultural perspectives$fedited by Erik Baark and Andrew Jamison 210 $aBasingstoke$cMacMillan Academic Professional$d1986 215 $a264 p.$d21 cm 610 0 $aSviluppo tecnologico$aAsia 676 $a303.4830951$v19$zita 702 1$aBaark,$bErik$f<1951- > 702 1$aJamison,$bAndrew 801 0$aIT$bUNINA$gREICAT$2UNIMARC 901 $aBK 912 $a990003730470403321 952 $aO3.34$b2413$fDECTS 959 $aDECTS 996 $aTechnological development in China, India and Japan$9501383 997 $aUNINA